Panelák miesto, kde to žije

Bibliographic Details
Main Author: Kraus, Andy, 1967- (Author)
Format: Book
Language:Slovak
PhysicalDescription:141 s. fareb. fotogr. 24 cm
Published: Bratislava Forza Music 2008
ISBN:9788089359059
Edition:1. vyd.
Series:Pôvodná tvorba
Subjects:

MARC

LEADER 00000cam a2200000 a 4500
001 vtls009456663
003 SK-MaSNL
005 20260301211101.0
008 240318|2008 xo o g 000 0 slo
015 |a SNBA2009/11-05473 
020 |a 9788089359059  |q (viaz.) 
035 |a 6353DCCE-239B-4C83-ADB3-D4F5885AF594 
035 |a urn:nbn:sk:snk-amk29s 
035 |a urn:nbn:sk:snk-am0086sh 
040 |a SNK  |b slo  |c SNK  |e AACR2 
041 1 |a slo 
044 |a xo  |c SK 
072 7 |a 791/793  |x Divadlo, film, tanec (všeobecne)  |2 konspekt 
080 |a (084.12)  |2 2001 
080 |a 791.242.097  |2 2001 
080 |a (0:82-32)  |2 2001 
100 1 |a Kraus, Andy,  |d 1967-  |4 aut 
245 1 0 |a Panelák  |b miesto, kde to žije  |c Andy Kraus 
250 |a 1. vyd. 
260 |a Bratislava  |b Forza Music  |c 2008 
300 |a 141 s.  |b fareb. fotogr.  |c 24 cm 
490 1 |a Pôvodná tvorba 
630 0 7 |a Panelák (televízny seriál)  |2 SNKPH  |9 595375 
650 0 7 |a televízne seriály  |2 SNKPH  |9 2920 
650 0 7 |a Television serials  |2 SNKPHeng  |9 329087 
655 7 |a fotografické publikácie  |2 SNKPH  |9 70483 
655 7 |a Photographical works  |2 SNKPH  |9 278887 
655 7 |a príbehy  |2 SNKPH  |9 70507 
655 7 |a Stories  |2 SNKPHeng  |9 265785 
830 0 |a Pôvodná tvorba  |9 281914 
919 |a 978-80-89359-05-9 
958 |a OND 
968 |d 791/792 
999 |c 915621  |d 917551 
952 |a SNK  |b SNK  |y PREZ  |7 0  |p 17A0619324  |o snkSC 135325  |i snk2009/7258  |8 0  |0 0  |1 0  |4 0  |d 2009-04-16  |l 0  |r 2025-07-01 00:00:00  |w 2026-02-24 
952 |a SNK  |b SNK  |y VYP  |7 0  |p 17A0619325  |o snkSC 135325 D1  |i snk2009/7259  |8 0  |0 0  |1 0  |4 0  |d 2009-04-16  |f 1  |l 0  |r 2026-02-24 07:58:12  |w 2026-02-24